Mario Kart: Charakter suche - Statistiken

Allgemein
  • Dieses Quiz wurde 36 mal gespielt
    30 seit der letzten Aktualisierung
  • Das Durchschnittsergebnis liegt bei 4 aus 10
Antwortstatistiken
A B C D E F Charakter % Korrekt
Mario Kart Double Dash Mario Kart World 4 leicht 4 9 Baby Mario
100%
Mario Kart Wii Mario Kart World 3 leicht 5 9 Baby Peach/Baby Daisy
100%
Mario Kart 8 Mario Kart World 2 sehr leicht 5 12 Baby Rosalina
100%
Mario Kart 8 Mario Kart 8 1 mittel-schwer 0 5 Kamek
100%
Mario Kart 7 Mario Kart World 3 leicht 3 6 Lakitu
100%
Mario Kart 8 Mario Kart 8 1 schwer 0 4 Link
100%
Super Mario Kart Mario Kart World 9 mittel 9 5 Luigi
100%
Super Mario Kart Mario Kart World 9 mittel 10 5 Mario
100%
Mario Kart 8 Mario Kart 8 1 leicht 0 7 Melinda
100%
Mario Kart World Mario Kart World 1 sehr leicht 1 13 Parapünktchen
100%
Super Mario Kart Mario Kart World 9 leicht-mittel 9 5 Peach/Yoshi
100%
Mario Kart DS Mario Kart World 4 mittel 3 6 Shy Guy
100%
Mario Kart 7 Mario Kart World 3 mittel 1 7 Wiggler
100%
Mario Kart Wii Mario Kart 8 2 schwer 0 13 Knochen-Bowser
67%
Super Mario Kart Mario Kart World 6 leicht 6 5 Koopa
67%
Mario Kart DS Mario Kart DS 1 schwer 0 3 R.O.B.
67%
Mario Kart Double Dash Mario Kart World 6 mittel 7 5 Daisy
50%
Super Mario Kart Super Mario Kart 1 schwer 0 12 Donkey Kong Jr.
50%
Mario Kart Wii Mario Kart 8 2 schwer 0 9 Funky Kong
50%
Mario Kart 7 Mario Kart 7 1 schwer 0 12 Honigkönigin
50%
Mario Kart Wii Mario Kart 8 3 leicht-schwer 0 3 Mii
50%
Mario Kart 8 Mario Kart 8 1 sehr schwer 0 13 Morton Koopa Jr.
50%
Mario Kart 8 Mario Kart World 2 schwer 2 7 Pauline
50%
Mario Kart World Mario Kart World 1 schwer 1 9 Pickondor
50%
Mario Kart Double Dash Mario Kart World 4 leicht 5 8 Toadette
50%
Mario Kart World Mario Kart World 1 sehr schwer 1 13 Football-Chuck
20%
Mario Kart Double Dash Mario Kart World 4 leicht 3 9 Baby Luigi
0%
Mario Kart 8 Mario Kart 8 1 mittel 0 8 Bewohner
0%
Mario Kart 8 Mario Kart 8 1 leicht-mittel 0 10 Bewohnerin
0%
Mario Kart Double Dash Mario Kart World 4 mittel 3 5 Birdo
0%
Super Mario Kart Mario Kart World 9 schwer 5 6 Bowser
0%
Mario Kart Double Dash Mario Kart World 4 leicht 4 8 Bowser Jr.
0%
Mario Kart World Mario Kart World 1 leicht-mittel 1 10 Cheep Cheep
0%
Mario Kart World Mario Kart World 1 mittel 1 6 Delfin
0%
Mario Kart Double Dash Mario Kart 8 3 leicht 0 9 Diddy Kong
0%
Mario Kart 64 Mario Kart World 8 schwer 2 10 Donkey Kong
0%
Mario Kart World Mario Kart World 1 sehr leicht 1 10 Flappflapp
0%
Mario Kart 8 Mario Kart 8 1 schwer 0 9 Gold-Mario
0%
Mario Kart World Mario Kart World 1 leicht 1 5 Gumba/Spike
0%
Mario Kart World Mario Kart World 1 mittel-schwer 1 12 Hammer-Bruder
0%
Mario Kart 8 Mario Kart 8 1 mittel-schwer 0 9 Iggy Koopa
0%
Mario Kart 8 Mario Kart 8 1 mittel 0 12 Inkling-Junge
0%
Mario Kart 8 Mario Kart 8 1 leicht-mittel 0 14 Inkling-Mädchen
0%
Mario Kart World Mario Kart World 1 schwer 1 8 Kataquax
0%
Mario Kart 8 Mario Kart 8 1 leicht-mittel 0 11 Katzen-Peach
0%
Mario Kart DS Mario Kart World 4 mittel 1 14 Knochentrocken
0%
Mario Kart Double Dash Mario Kart World 4 schwer 4 11 König Buu Huu
0%
Mario Kart World Mario Kart World 1 leicht 1 6 Krabbe
0%
Mario Kart World Mario Kart World 1 mittel 1 7 Krötsus
0%
Mario Kart World Mario Kart World 1 sehr schwer 1 3 Kuh
0%
Mario Kart 8 Mario Kart 8 1 leicht 0 10 Larry Koopa
0%
Mario Kart 8 Mario Kart 8 1 sehr leicht 0 10 Lemmy Koopa
0%
Mario Kart 8 Mario Kart 8 1 mittel 0 14 Ludwig von Koopa
0%
Mario Kart 7 Mario Kart 8 2 schwer 0 11 Metall Mario
0%
Mario Kart World Mario Kart World 1 mittel 1 13 Monty Maulwurf
0%
Mario Kart World Mario Kart World 1 leicht-mittel 1 6 Mopsie
0%
Mario Kart Double Dash Mario Kart 8 2 schwer 0 13 Mutant Tyranha
0%
Mario Kart World Mario Kart World 1 sehr schwer 1 5 Palma
0%
Mario Kart Double Dash Mario Kart Double Dash 1 leicht 0 9 Parakoopa
0%
Mario Kart 8 Mario Kart 8 1 mittel 0 9 Peachette
0%
Mario Kart World Mario Kart World 1 mittel-schwer 1 7 Pinguin
0%
Mario Kart World Mario Kart World 1 schwer 1 14 Piranha-Pflanze
0%
Mario Kart World Mario Kart World 1 mittel-schwer 1 5 Pokey
0%
Mario Kart World Mario Kart World 1 mittel-schwer 1 21 Rocky Schraubschlüssel
0%
Mario Kart 8 Mario Kart 8 1 schwer 0 13 Rosagold-Peach
0%
Mario Kart Wii Mario Kart World 4 schwer 5 8 Rosalina
0%
Mario Kart 8 Mario Kart 8 1 schwer 0 8 Roy Koopa
0%
Mario Kart World Mario Kart World 1 schwer 1 10 Schneemann
0%
Mario Kart World Mario Kart World 1 leicht 1 12 Skelettfisch
0%
Mario Kart World Mario Kart World 1 leicht 1 8 Spukmatz
0%
Mario Kart World Mario Kart World 1 leicht-mittel 1 7 Summser
0%
Mario Kart 8 Mario Kart 8 1 mittel 0 11 Tanuki-Mario
0%
Super Mario Kart Mario Kart World 9 leicht 5 4 Toad
0%
Mario Kart Double Dash Mario Kart World 5 mittel 6 7 Waluigi
0%
Mario Kart 64 Mario Kart World 8 schwer 8 5 Wario
0%
Mario Kart 8 Mario Kart 8 1 leicht 0 11 Wendy O. Koopa
0%
Keine übereinstimmenden Quizze gefunden
Verteilung der Resultate
Anzahl Personen mit jedem Resultat
Perzentil nach korrekt beantworteten Fragen
Ihre Resultats-Entwicklung
Sie haben dieses Quiz seit der letzten Aktualisierung nicht gespielt